书目信息 |
| 题名: |
电子电路实验与应用
|
|
| 作者: | 常青 编 | |
| 分册: | ||
| 出版信息: | 唐山 唐山师范学院 |
|
| 页数: | 126页 | |
| 开本: | 26cm | |
| 丛书名: | ||
| 单 册: | ||
| 中图分类: | TN710-33 | |
| 科图分类: | ||
| 主题词: | 电子电路 | |
| 电子资源: | ||
| ISBN: | ||
| 000 | 00474nam0 2200169 450 | |
| 001 | 0632413057 | |
| 005 | 20061009092503.10 | |
| 100 | @a20060929d km y0chiy0120 ea | |
| 101 | 0 | @achi |
| 200 | 1 | @a电子电路实验与应用@Adian zi dian lu shi yan yu ying yong@f常青编@Fchang qing bian |
| 210 | @a唐山@c唐山师范学院 | |
| 215 | @a126页@d26cm | |
| 606 | 0 | @a电子电路 |
| 690 | @aTN710-33@v3 | |
| 701 | 0 | @a常青@Achang qing@4编 |
| 801 | 0 | @aCN@bPFT@c20061009 |
| 905 | @a10447@dTN710-33@e217 | |
| 电子电路实验与应用/常青编.-唐山:唐山师范学院 |
| 126页;26cm |
| ISBN : |
| ● |
| 相关链接 |
|
|
|
|
正题名:电子电路实验与应用
索取号:TN710-33/217
 
预约/预借
| 序号 | 登录号 | 条形码 | 馆藏地/架位号 | 状态 | 备注 |
| 1 | 0483950 | 204839504 | 密集书库/ [索取号:TN710-33/217] | 在馆 | |
| 2 | 0483951 | 204839513 | 密集书库/ [索取号:TN710-33/217] | 在馆 | |
| 3 | 0483952 | 204839522 | 密集书库/ [索取号:TN710-33/217] | 在馆 | |
| 4 | 0484260 | 204842607 | 密集书库/ [索取号:TN710-33/217] | 在馆 |